Systém ochrany vkladov vo vybraných krajinách Európskej únie bakalárska práca

Saved in:
Bibliographic Details
Main Author: Jánošíková, Lucia
Corporate Author: Národohospodárska fakulta EU. Katedra bankovníctva a medzinárodných financií
Other Authors: Schwarzová, Mária
Format: Book
Language:Slovak
Published: Bratislava 2011
Tags: Add Tag
No Tags, Be the first to tag this record!

MARC

LEADER 00000nbm a2200000 4500
001 0139841
005 20161109111649.8
041 0 |a slo 
044 |a SK 
245 1 0 |a Systém ochrany vkladov vo vybraných krajinách Európskej únie  |b bakalárska práca  |c Lucia Jánošíková ; školiteľ: Mária Schwarzová 
264 1 |a Bratislava  |c 2011 
300 |a 44 s. 
100 1 |a Jánošíková, Lucia 
700 1 |a Schwarzová, Mária 
710 2 |a Národohospodárska fakulta EU. Katedra bankovníctva a medzinárodných financií